Word Ladder: 'Days of the Week' Nursery Rhyme Quiz Stats

 Plays Quiz Updated May 5, 2016

Challenge
Share
Tweet
Embed
Score 0/11 Timer 01:30
2 Plays Today
Hint 5-Letter Word % Correct
Use a pencilWRITE
97.3%
Snow, Betty, or Barry, e.g.WHITE
96.1%
Argentina's neighborCHILE
94.4%
A-plus or D-minus, e.gGRADE
94%
Conjunction indicating 'at the same time'WHILE
91.4%
Offer someone something else in exchange forTRADE
90.3%
● According to a nursery rhyme, Tuesday's _____ is full of [last rung]● CHILD ●
85.8%
A small, barely detectable amountTRACE
77%
Worn-out and overused, like a phraseTRITE
75.2%
● According to a nursery rhyme, Tuesday's [first rung] is full of _____● GRACE ●
71.3%
A very brief instant of timeTRICE
63.9%

Today's Daily Dose

You're not logged in!

Compare scores with friends on all Sporcle quizzes.
Join for Free
OR
Log In

You Might Also Like...

Show Comments

Extras

Top Quizzes Today


Score Distribution

Your Account Isn't Verified!

In order to create a playlist on Sporcle, you need to verify the email address you used during registration. Go to your Sporcle Settings to finish the process.

Report this User

Report this user for behavior that violates our Community Guidelines.

Details: